|
|
|
|
| LEADER |
01203nam a2200325 a 4500 |
| 001 |
41260 |
| 003 |
BD-DhAAL |
| 005 |
20230606140902.0 |
| 008 |
230606r19971995ii b 001 0 eng d |
| 010 |
|
|
|a 96219941
|
| 020 |
|
|
|a 0195640829
|
| 020 |
|
|
|a 9780195640823
|
| 040 |
|
|
|a DLC
|c DLC
|d DLC
|d BD-DhAAL
|
| 043 |
|
|
|a a-ii---
|
| 050 |
0 |
0 |
|a HC435.2
|b .D73 1995
|
| 082 |
|
|
|a 338.954
|2 23
|
| 100 |
1 |
|
|a Drèze, Jean.
|
| 245 |
1 |
0 |
|a India, economic development and social opportunity /
|c Jean Drèze and Amartya Sen.
|
| 260 |
|
|
|a Delhi :
|b Oxford University Press,
|c 1995 [third impression 1997].
|
| 300 |
|
|
|a xiv, 292 pages ;
|c 23 cm.
|
| 504 |
|
|
|a Includes bibliographical references (pages [230]-278) and index.
|
| 541 |
|
|
|a Donated By Akbar Ali Khan
|e 41260
|
| 650 |
|
|
|a Economics.
|
| 651 |
|
0 |
|a India
|x Economic conditions
|y 1947-
|
| 651 |
|
0 |
|a India
|x Social conditions
|y 1947-
|
| 700 |
1 |
|
|a Sen, Amartya,
|d 1933-
|
| 852 |
|
|
|a Ayesha Abed Library
|c Akbar Ali Khan Collection
|
| 942 |
|
|
|2 ddc
|c BK
|
| 999 |
|
|
|c 45849
|d 45849
|
| 952 |
|
|
|0 0
|1 0
|2 ddc
|4 0
|6 338_954000000000000_DRE
|7 1
|9 73742
|a BRACUL
|b BRACUL
|c AAKC
|d 2023-06-06
|e Donated By Akbar Ali Khan
|l 0
|o 338.954 DRE
|p 3010041260
|r 2023-06-06
|t 1
|w 2023-06-06
|y BK
|